00332nam a2200121Ia 4500008004100000100007800041245002200119260002300141300001000164650001400174942000700188999001500195190216s9999||||xx |||||||||||||| ||und|| a"Stanley H Pine, James B Hebdrickson, Donald J Cram And George S Hammond" 0aOrganic Chemistry bMcgraw -hillc1986 a1004p aChemistry cBK c2670d2670